Ngữ văn 9

Sách gồm truyện ngắn và thơ giúp học sinh rèn luyện ngữ pháp tiếng Việt, hướng dẫn các em cách viết bài văn thuyết minh và tự sự

Đã lưu trong:
Sonraí Bibleagrafaíochta
Príomhúdar: Nguyễn, Khắc Phi
Formáid: Leabhar
Teanga:Undetermined
Foilsithe: Hà Nội Giáo dục 2010
Ábhair:
Clibeanna: Cuir Clib Leis
Gan Chlibeanna, Bí ar an gcéad duine leis an taifead seo a chlibeáil!
Thư viện lưu trữ: Trung tâm Học liệu Trường Đại học Cần Thơ
LEADER 00837nam a2200217Ia 4500
001 CTU_158074
008 210402s9999 xx 000 0 und d
020 |c 9500 
082 |a 495.9220712 
082 |b Ph300/T.1/L.9 
100 |a Nguyễn, Khắc Phi 
245 0 |a Ngữ văn 9 
245 0 |c Nguyễn Khắc Phi (tổng chủ biên) 
260 |a Hà Nội 
260 |b Giáo dục 
260 |c 2010 
520 |a Sách gồm truyện ngắn và thơ giúp học sinh rèn luyện ngữ pháp tiếng Việt, hướng dẫn các em cách viết bài văn thuyết minh và tự sự 
650 |a Literature 
650 |x Study and teaching (Secondary) 
904 |i Phan Thị Kim Lan (Đào Thị Bé Ba) 
980 |a Trung tâm Học liệu Trường Đại học Cần Thơ